000 00499nam a2200169Ia 4500
008 210329s9999||||xx |||||||||||||| ||und||
020 _a81 7133 619 1
040 _cSTCPL
041 _hENG
082 _a574.52
_bSHA-E
100 _aSharma P.D.
245 0 _aEnvironmental biology
260 _a_
_bRastogi Publications
_c2003
300 _a1-x, 1-416
650 _aBiologySpecific Relationships And Kinds Of EnvironmentsPROBABILITY TOOLS FOR STOCHASTIC MODELLING, RENEWAL THEORY.
942 _cBK
999 _c54850
_d54850